| 000 | 00333nam a2200133Ia 4500 | ||
|---|---|---|---|
| 008 | 231129s1998||||xx |||||||||||||| ||spa|| | ||
| 040 | _bspa | ||
| 082 | _aPe861.08 B443t | ||
| 100 | _aBelli Carlos German | ||
| 245 | 0 | _aTrechos del itinerario (1958-1997) | |
| 260 | _c1998 | ||
| 264 | _aInstituto Caro y Cuervo | ||
| 942 |
_2ddc _cBKS |
||
| 999 |
_c25664 _d25664 |
||